Eduardo Zuleta
Kaydedildi:
| Yazar: | |
|---|---|
| Materyal Türü: | Bilinmiyor |
| Baskı/Yayın Bilgisi: |
Colombia:
UNIVERSIDAD DE MEDELLIN,
|
| Konular: | |
| Etiketler: |
Etiketle
Etiket eklenmemiş, İlk siz ekleyin!
|
MARC
| LEADER | 000000000a22000000004500 | ||
|---|---|---|---|
| 001 | 000114 | ||
| 100 | 1 | |a Naranjo, Jorge Alberto | |
| 245 | 1 | 0 | |a Eduardo Zuleta |
| 260 | |a Colombia: |b UNIVERSIDAD DE MEDELLIN, | ||
| 310 | |a semestral | ||
| 650 | 4 | |a ZULETA, EDUARDO | |
| 650 | 4 | |a LITERATURA COLOMBIANA | |
| 773 | 0 | |t Con-Textos: Revista de Semiótica Literaria | |
| 773 | 0 | |g 3 | |
| 773 | 0 | |g 19 | |
| 773 | 0 | |g 65-74 | |
| 999 | |c 895 |d 895 | ||
